| 000 | 00469nam a2200157Ia 4500 | ||
|---|---|---|---|
| 008 | 230907s9999||||xx |||||||||||||| ||und|| | ||
| 082 |
_a621.1 _bNOU |
||
| 100 |
_aMuhammad Nouman Nazir (00000204750) _9116503 |
||
| 245 | 3 | _aAn advance rotor design of 1 kW horizontal axis wind turbine / | |
| 260 |
_aUSPCAS-E, NUST, _bIslamabad : _c2020 |
||
| 300 | _a85 p. | ||
| 520 | _aTH-203 | ||
| 650 | _aMS-TEE-Thesis MS Thesis | ||
| 700 | _aDr. Adeel Javed | ||
| 942 |
_cTHE _2ddc |
||
| 999 |
_c601882 _d601882 |
||